| 000 | 01533nam0a22003011 4500 | ||
|---|---|---|---|
| 001 | v19\rc\1336435 | ||
| 005 | 20260405195305.0 | ||
| 035 | _a(NLR Aleph) 005205275 | ||
| 090 |
_a5351608 _c5351608 |
||
| 100 | _a20060512e18551855|||y0rusy50 ca | ||
| 101 | 0 | _arus | |
| 102 | _aRU | ||
| 105 | _ah z |||e| | ||
| 200 | 1 |
_aОбъяснение восточных надписей _eПисьмо проф. Казем-Бека к акад. Броссе _e(С прил. табл. надписей) |
|
| 210 |
_a[Санкт-Петербург _d1855] |
||
| 215 |
_a612-635 с., 1 л. факс. _d24 |
||
| 309 | _aБез тит. л. и обл. | ||
| 311 | _aПерепеч. из 3 т. "Учен. зап. Имп. Акад. наук по 1 и 3 отд-ниям". 1855, с. 612-635 | ||
| 488 | 0 |
_12001#$aУченые записки Императорской Академии наук по 1 и 3 отделениям$v1855, т. 3 _1215##$aС. 612-635 _tУченые записки Императорской Академии наук по 1 и 3 отделениям |
|
| 700 | 1 |
_8rus _7ca _aКазем-Бек _bА. К. _f1802-1870 _gАлександр Касимович _3RU\NLR\AUTH\7750032 _932967 |
|
| 702 | 1 |
_4660 _8rus _7ca _aБроссе _bМ. И. _f1802-1880 _gМарий Иванович _3RU\NLR\AUTH\7786965 _969893 |
|
| 801 | 0 |
_aRU _bNLR _c20060512 _gpsbo |
|
| 801 | 0 |
_aRU _bRuMoRGB _c20060512 _2psbo |
|
| 801 | 1 |
_aRU _bProSoft-M _c20060512 _2rusmarc |
|
| 801 | 2 |
_aRU _bNLR _c20100429 _2rusmarc |
|
| 852 |
_aNLR _j18.23.5.78 |
||
| 942 | _cBOOK | ||
| 980 | _aNB | ||